Reliez les duos d'acteurs à leurs films #4 - Statistiques

Statistiques générales
  • Ce quiz a été pris 124 fois
  • Le résultat moyen est 10 sur 18
Statistiques - réponses
Hint Réponse % Correct
Le Parrain 2 Al Pacino et Robert De Niro
93%
Will Hunting Ben Affleck et Matt Damon
84%
Pulp Fiction Bruce Willis et Samuel L. Jackson
82%
La nuit au musée
Ben Stiller et Owen Wilson
79%
Une journée en enfer Bruce Willis et Samuel L. Jackson
64%
Glass Bruce Willis et Samuel L. Jackson
64%
Mon beau-père et moi Ben Stiller et Owen Wilson
61%
Zoolander Ben Stiller et Owen Wilson
61%
Heat Al Pacino et Robert De Niro
60%
Incassable Bruce Willis et Samuel L. Jackson
60%
Startsky & Hutch Ben Stiller et Owen Wilson
59%
The Irishman Al Pacino et Robert De Niro
58%
La Loi et l'ordre Al Pacino et Robert De Niro
54%
Dogma Ben Affleck et Matt Damon
43%
Une soirée parfaite Ben Affleck et Matt Damon
43%
La Famille Tenenbaum Ben Stiller et Owen Wilson
35%
Père et Fille Ben Affleck et Matt Damon
18%
Permanent Midnight Ben Stiller et Owen Wilson
17%
Aucun quiz correspondant
Distribution des résultats
% des personnes avec chaque résultat
Percentile par nombre de réponses
Votre historique - résultats
Vous n’avez pas pris ce quiz